000 00330nam a2200157Ia 4500
100 _aWartikar
490 _vI
942 _cBK
654 _aMathematics
245 _aElements of Applied Mathematics
260 _bPune vidyarthi griha
_aPune
_c1977
082 _a519
_bWAR
300 _a924
546 _aENGLISH
999 _c29815
_d29815